000
00222nam a22000857a 4500
008
160719b xxu||||| |||| 00| 0 eng d
100
_9
3044
_a
Goscinny R
245
_a
The Roman Switzerland
260
_a
USA
_b
Orion Publication
_c
2004
999
_c
2607
_d
2607